Statistiche per Tutti gli Stati che hanno controllato Praga

Clicka qui per fare il quiz!

Statistiche generali

  • Questo quiz è stato fatto 5 volte
  • Il punteggio medio è 22 su 25

Statistiche sulle risposte

Risposta% Corretto
Arciducato d'Austria
100%
Arciducato d'Austria
100%
Arciducato d'Austria
100%
Arciducato d'Austria
100%
Arciducato d'Austria
100%
Ducato di Boemia
100%
Khaganato degli Avari
100%
Prima Repubblica Cecoslovacca
100%
Regno di Boemia
100%
Repubblica Ceca
100%
Repubblica Federale Ceca e Slovacca
100%
Repubblica Socialista Cecoslovacca
100%
Sacro Romano Impero
100%
Terza Repubblica Cecoslovacca
100%
Terzo Reich (Protettorato di Boemia e Moravia)
100%
Tribù Boeme
100%
Impero Austriaco
67%
Impero Austro-Ungarico
67%
Occupazione congiunta durante la Guerra di Successione Austriaca (Regno di Francia e Navarra e dall'Elettorato di Baviera)
67%
Occupazione durante la Guerra di Successione Austriaca (Regno di Prussia)
67%
Regno dei Franchi Orientali
67%
Seconda Repubblica Cecoslovacca
67%
Unione Protestante e Alleati (Impero Svedese)
67%
Unione Protestante e Alleati (Impero Svedese)
67%
Regno della Grande Moravia
33%

Distribuzione punteggi

Percentile per numero di risposta

Percentuale di utenti per punteggio

I tuoi punteggi nel tempo

Non hai fatto questo quiz